[Event "Sharjah Blitz"]
[Site "Sharjah"]
[Date "2023.03.28"]
[Round "9"]
[White "Arencibia Rodriguez, Walter"]
[Black "Acedo, Rowelyn"]
[Result "1-0"]
[WhiteElo "2486"]
[BlackElo "1778"]
[PlyCount "157"]
[EventDate "2023.03.28"]
[EventType "swiss (blitz)"]
[EventRounds "9"]
[EventCountry "UAE"]
[SourceTitle "CBM 213 Extra"]
[Source "ChessBase"]
[SourceDate "2023.05.31"]
[SourceVersion "1"]
[SourceVersionDate "2023.05.31"]
[SourceQuality "1"]

1. Nf3 d5 2. g3 c5 3. Bg2 Nf6 4. 0-0 Nc6 5. d4 e6 6. c4 Be7 7. cxd5 exd5 8. Nc3 Be6 9. dxc5 Bxc5 10. Na4 Be7 11. Be3 0-0 12. Nc5 b6 13. Nxe6 fxe6 14. Ng5 Qd7 15. Bh3 Nd8 16. Rc1 h6 17. Nf3 Ne4 18. Ne5 Qe8 19. Bd4 Bf6 20. Bg2 Nd6 21. b3 Qh5 22. Bf3 Qe8 23. Qd3 Nf5 24. Bb2 Bxe5 25. Bxe5 Nf7 26. Bb2 Qe7 27. Bg2 Rfc8 28. e4 dxe4 29. Bxe4 Rab8 30. Bxf5 exf5 31. Qxf5 Rf8 32. Rfe1 Qg5 33. Qxg5 Nxg5 34. Kg2 Rf7 35. f4 Ne6 36. Re2 Nf8 37. Rce1 Nd7 38. Re8+ Rxe8 39. Rxe8+ Kh7 40. Kf3 h5 41. h3 Nc5 42. Be5 Rd7 43. Ke2 Kg6 44. g4 hxg4 45. hxg4 a5 46. Rb8 Nb7 47. Ke3 Kf7 48. f5 g6 49. Kf4 gxf5 50. gxf5 Nc5 51. Rxb6 Nd3+ 52. Ke4 Nf2+ 53. Kf3 Nd3 54. Bc3 Rd5 55. f6 Nc1 56. Rb7+ Kf8 57. Bb2 Nd3 58. Ba3+ Nc5 59. Rb5 Rf5+ 60. Ke3 Rxf6 61. Rxc5 Kf7 62. Rxa5 Rh6 63. Ra7+ Ke8 64. Bc5 Kd8 65. a4 Kc8 66. a5 Rh3+ 67. Kd4 Rxb3 68. Kc4 Rb1 69. Rh7 Kb8 70. a6 Ka8 71. Kd5 Rd1+ 72. Kc6 Rd8 73. Bb6 Rc8+ 74. Kb5 Rg8 75. Ra7+ Kb8 76. Re7 Rg5+ 77. Bc5 Rg8 78. Bd6+ Ka8 79. Kb6 1-0

[Event "Sharjah Blitz"]
[Site "Sharjah"]
[Date "2023.03.28"]
[Round "6"]
[White "Carandang, Roberto"]
[Black "Arencibia Rodriguez, Walter"]
[Result "0-1"]
[WhiteElo "1853"]
[BlackElo "2486"]
[PlyCount "52"]
[EventDate "2023.03.28"]
[EventType "swiss (blitz)"]
[EventRounds "9"]
[EventCountry "UAE"]
[SourceTitle "CBM 213 Extra"]
[Source "ChessBase"]
[SourceDate "2023.05.31"]
[SourceVersion "1"]
[SourceVersionDate "2023.05.31"]
[SourceQuality "1"]

1. d4 Nf6 2. c4 e6 3. Nf3 c5 4. e3 d5 5. cxd5 exd5 6. dxc5 Bxc5 7. Be2 0-0 8. 0-0 Nc6 9. Qc2 Bb6 10. a3 Be6 11. Rd1 Rc8 12. Qa4 Ne4 13. Nbd2 Nc5 14. Qh4 Qxh4 15. Nxh4 d4 16. b4 Na4 17. e4 Nc3 18. Re1 Nxe2+ 19. Rxe2 d3 20. Re1 Nd4 21. Rd1 Ne2+ 22. Kf1 Bd4 23. Rb1 Nc3 24. Re1 Nxb1 25. Nxb1 Rc2 26. Nd2 Rfc8 0-1

[Event "Sharjah Rapid"]
[Site "Sharjah"]
[Date "2023.03.27"]
[Round "9"]
[White "Arencibia Rodriguez, Walter"]
[Black "Saeed, Ishaq"]
[Result "1-0"]
[WhiteElo "2486"]
[BlackElo "2303"]
[PlyCount "99"]
[EventDate "2023.03.26"]
[EventType "swiss (rapid)"]
[EventRounds "9"]
[EventCountry "UAE"]
[SourceTitle "CBM 213 Extra"]
[Source "ChessBase"]
[SourceDate "2023.05.31"]
[SourceVersion "1"]
[SourceVersionDate "2023.05.31"]
[SourceQuality "1"]

1. Nf3 Nf6 2. g3 b6 3. Bg2 Bb7 4. c4 e6 5. 0-0 c5 6. Nc3 Be7 7. Re1 0-0 8. e4 d6 9. d4 cxd4 10. Nxd4 Qc8 11. b3 Rd8 12. Bb2 a6 13. Rc1 Nbd7 14. f4 Nf8 15. Qe2 Ra7 16. Na4 Qc7 17. e5 N6d7 18. Bxb7 Rxb7 19. Qe4 Rc8 20. Nf3 dxe5 21. fxe5 Ng6 22. Kg2 Qb8 23. h4 h5 24. g4 b5 25. gxh5 Ngf8 26. cxb5 axb5 27. Rxc8 Qxc8 28. Rc1 Rc7 29. Rxc7 Qxc7 30. Nc3 Nc5 31. Qe2 b4 32. Nb5 Qc6 33. Kg3 Nfd7 34. Nbd4 Qe4 35. Qxe4 Nxe4+ 36. Kf4 Nec5 37. Ke3 Bd8 38. Nc6 Bb6 39. Bd4 Na6 40. Kd3 Kf8 41. Kc4 f6 42. exf6 gxf6 43. Bxb6 Nxb6+ 44. Kb5 e5 45. Kxb6 e4 46. Nfd4 f5 47. Kxa6 f4 48. Ne5 f3 49. Nexf3 exf3 50. Nxf3 1-0

[Event "Sharjah Rapid"]
[Site "Sharjah"]
[Date "2023.03.27"]
[Round "8"]
[White "Dimarucut, Francis Erwin"]
[Black "Arencibia Rodriguez, Walter"]
[Result "0-1"]
[WhiteElo "1940"]
[BlackElo "2486"]
[PlyCount "66"]
[EventDate "2023.03.26"]
[EventType "swiss (rapid)"]
[EventRounds "9"]
[EventCountry "UAE"]
[SourceTitle "CBM 213 Extra"]
[Source "ChessBase"]
[SourceDate "2023.05.31"]
[SourceVersion "1"]
[SourceVersionDate "2023.05.31"]
[SourceQuality "1"]

1. c4 c5 2. Nc3 g6 3. g3 Bg7 4. Bg2 Nc6 5. e4 e6 6. Nge2 Nge7 7. 0-0 0-0 8. d3 d6 9. Rb1 Bd7 10. a3 a5 11. Bf4 Ne5 12. b4 axb4 13. axb4 N7c6 14. bxc5 dxc5 15. Rxb7 Bc8 16. Rb3 Nxd3 17. Be3 Nce5 18. Nb5 Ba6 19. f4 Bxb5 20. cxb5 c4 21. fxe5 cxb3 22. Qxb3 Nxe5 23. Bc5 Re8 24. Nd4 Nd7 25. Qc4 Nxc5 26. Nc6 Qb6 27. Kh1 Ra4 28. Qe2 e5 29. Qf2 f6 30. Rc1 Qxb5 31. Bh3 Qxc6 32. Qxc5 Qxc5 33. Rxc5 Rxe4 0-1

[Event "Sharjah Rapid"]
[Site "Sharjah"]
[Date "2023.03.26"]
[Round "5"]
[White "Arencibia Rodriguez, Walter"]
[Black "Abu Azizah, Raji"]
[Result "1-0"]
[WhiteElo "2486"]
[BlackElo "2001"]
[PlyCount "82"]
[EventDate "2023.03.26"]
[EventType "swiss (rapid)"]
[EventRounds "9"]
[EventCountry "UAE"]
[SourceTitle "CBM 213 Extra"]
[Source "ChessBase"]
[SourceDate "2023.05.31"]
[SourceVersion "1"]
[SourceVersionDate "2023.05.31"]
[SourceQuality "1"]

1. c4 Nf6 2. g3 g6 3. Bg2 Bg7 4. Nc3 0-0 5. e4 d6 6. Nge2 c5 7. 0-0 Nc6 8. d3 a6 9. a4 e5 10. h3 Nd4 11. Nxd4 cxd4 12. Ne2 a5 13. f4 Nd7 14. f5 Nc5 15. g4 g5 16. Ng3 f6 17. Nh5 Qb6 18. Ra3 Bd7 19. h4 h6 20. Rf2 Qb4 21. b3 Ra6 22. Rfa2 Be8 23. Bf1 Bxh5 24. gxh5 Rf7 25. Bd2 Qb6 26. Rb2 gxh4 27. Qg4 Kf8 28. Qg6 Ke7 29. b4 Bf8 30. Bxh6 axb4 31. Ra1 Bxh6 32. Qxh6 Rxa4 33. Rab1 b3 34. Qg6 Qd8 35. h6 Qh8 36. Rg2 Ra8 37. Qh5 Rh7 38. Rg6 Rg8 39. Kh2 Rxg6 40. fxg6 Rxh6 41. Qf5 Qg8 1-0

[Event "UAE National Day 51st"]
[Site "Sharjah"]
[Date "2022.12.04"]
[Round "8"]
[White "Raji Sayel, Abu Azizah"]
[Black "Arencibia Rodriguez, Walter"]
[Result "1-0"]
[WhiteElo "1943"]
[BlackElo "2486"]
[PlyCount "68"]
[EventDate "2022.12.03"]
[EventType "swiss (rapid)"]
[EventRounds "10"]
[EventCountry "UAE"]
[SourceTitle "CBM 211 Extra"]
[Source "ChessBase"]
[SourceDate "2023.01.31"]
[SourceVersion "1"]
[SourceVersionDate "2023.01.31"]
[SourceQuality "1"]

1. e4 c5 2. Nf3 e6 3. d4 cxd4 4. Nxd4 a6 5. a4 Nf6 6. Nc3 Nc6 7. Nxc6 bxc6 8. e5 Nd5 9. Ne4 Qc7 10. f4 Qb6 11. c4 Bb4+ 12. Ke2 f5 13. a5 Qb8 14. Nf2 Ne7 15. Be3 d6 16. Nd3 dxe5 17. Nxe5 Bd6 18. Nd3 e5 19. fxe5 f4 20. Ke1 fxe3 21. exd6 Qxd6 22. Qh5+ g6 23. Qe5 Qxe5 24. Nxe5 Rb8 25. Rb1 Rf8 26. Nd3 Bf5 27. b4 c5 28. b5 Nc6 29. Rb2 Bxd3 30. Bxd3 Nb4 31. Be4 Rf4 32. Rxb4 cxb4 33. Bc6+ Ke7 34. bxa6 Rxc4 1-0

[Event "UAE National Day 51st"]
[Site "Sharjah"]
[Date "2022.12.03"]
[Round "2"]
[White "Sultan, Ibrahim"]
[Black "Arencibia Rodriguez, Walter"]
[Result "0-1"]
[WhiteElo "2099"]
[BlackElo "2486"]
[PlyCount "66"]
[EventDate "2022.12.03"]
[EventType "swiss (rapid)"]
[EventRounds "10"]
[EventCountry "UAE"]
[SourceTitle "CBM 211 Extra"]
[Source "ChessBase"]
[SourceDate "2023.01.31"]
[SourceVersion "1"]
[SourceVersionDate "2023.01.31"]
[SourceQuality "1"]

1. d4 d5 2. c4 c6 3. Nf3 Nf6 4. Nc3 e6 5. e3 Nbd7 6. Qc2 Bd6 7. Be2 0-0 8. b3 b6 9. Bb2 Bb7 10. 0-0 Rc8 11. Rad1 Qe7 12. e4 Nxe4 13. Nxe4 dxe4 14. Qxe4 f5 15. Qc2 c5 16. Rfe1 cxd4 17. Nxd4 Ne5 18. Qc3 Bb4 19. Qe3 Bxe1 20. Qxe5 Bb4 21. Nxe6 Rf6 22. c5 Kh8 23. Bc4 b5 24. Nxg7 Qxe5 25. Bxe5 Kxg7 26. Rd7+ Kg6 27. Bxf6 Bc6 28. Rxa7 bxc4 29. Be5 Re8 30. bxc4 Rxe5 31. h4 Bxc5 32. Ra6 Re1+ 33. Kh2 Bd6+ 0-1

[Event "UAE National Day 51st"]
[Site "Sharjah"]
[Date "2022.12.03"]
[Round "5"]
[White "Zubarev, Alexander2222"]
[Black "Arencibia Rodriguez, Walter"]
[Result "1-0"]
[WhiteElo "2372"]
[BlackElo "2486"]
[PlyCount "81"]
[EventDate "2022.12.03"]
[EventType "swiss (rapid)"]
[EventRounds "10"]
[EventCountry "UAE"]
[SourceTitle "CBM 211 Extra"]
[Source "ChessBase"]
[SourceDate "2023.01.31"]
[SourceVersion "1"]
[SourceVersionDate "2023.01.31"]
[SourceQuality "1"]

1. e4 c5 2. Nf3 Nc6 3. Bb5 g6 4. 0-0 Bg7 5. Bxc6 dxc6 6. d3 Qc7 7. a4 Nf6 8. a5 Bg4 9. h3 Bxf3 10. Qxf3 Nd7 11. Nd2 0-0 12. Qe2 b5 13. f4 Qd6 14. Nf3 e6 15. e5 Qe7 16. Bd2 f6 17. Rae1 fxe5 18. fxe5 c4 19. dxc4 Qc5+ 20. Be3 Qxc4 21. Qxc4 bxc4 22. Bd4 Rab8 23. Rd1 a6 24. Rfe1 Rb5 25. Bc3 Rd5 26. Nd4 Bxe5 27. Nxe6 Bxc3 28. bxc3 Re8 29. Rxd5 cxd5 30. Kf2 Nf6 31. Nc5 Rc8 32. Nxa6 Ne4+ 33. Ke3 Ra8 34. Nc7 Rxa5 35. Kd4 Nf6 36. g4 Kf7 37. g5 Ne4 38. Rf1+ Ke7 39. Nxd5+ Kd6 40. Ne3 Nd2 41. Rf2 1-0

[Event "Sharjah Blitz op 27th"]
[Site "Sharjah"]
[Date "2022.04.08"]
[Round "2"]
[White "Dehghan, Ibrahim"]
[Black "Arencibia Rodriguez, Walter"]
[Result "0-1"]
[WhiteElo "1387"]
[BlackElo "2486"]
[PlyCount "118"]
[EventDate "2022.04.08"]
[EventType "swiss (blitz)"]
[EventRounds "9"]
[EventCountry "UAE"]
[SourceTitle "CBM 207 Extra"]
[Source "ChessBase"]
[SourceDate "2022.05.31"]
[SourceVersion "1"]
[SourceVersionDate "2022.05.31"]
[SourceQuality "1"]

1. d4 Nf6 2. Nf3 g6 3. g3 b5 4. Bg2 Bb7 5. 0-0 Bg7 6. a4 b4 7. c3 Na6 8. cxb4 Nxb4 9. Nc3 0-0 10. Ne5 Bxg2 11. Kxg2 Rb8 12. Ra3 d6 13. Nd3 Qd7 14. Nxb4 Rxb4 15. Nb5 a6 16. Qd2 Rc4 17. Nc3 Rb8 18. Qd3 Rcb4 19. Rd1 a5 20. Bf4 c6 21. Bc1 Qb7 22. e4 Nd7 23. d5 Nc5 24. Qe3 Bxc3 25. Rxc3 Rxe4 26. Qf3 cxd5 27. Re3 Rxe3 28. Qxe3 d4+ 29. Qf3 e5 30. Qxb7 Rxb7 31. f4 Nxa4 32. fxe5 dxe5 33. Re1 f6 34. Rf1 Kg7 35. Rf2 Nc5 36. h4 Nd3 37. Rc2 Nxc1 38. Rxc1 Rxb2+ 39. Kh3 Rb5 40. Rc7+ Kh6 41. g4 d3 42. g5+ fxg5 43. hxg5+ Kxg5 44. Rxh7 Rd5 45. Rf7 d2 46. Rf1 d1Q 47. Rg1+ Kf6 48. Rg2 Qh5+ 49. Kg3 Rd3+ 50. Kf2 Rd2+ 51. Kg1 Rxg2+ 52. Kxg2 Qg4+ 53. Kf2 Qd4+ 54. Ke2 Qc3 55. Kf2 Qd3 56. Kg2 Qe3 57. Kh2 Qf3 58. Kg1 Qe2 59. Kh1 a4 0-1

[Event "Sharjah Rapid op 27th"]
[Site "Sharjah"]
[Date "2022.04.07"]
[Round "9"]
[White "Sultan, Ibrahim"]
[Black "Arencibia Rodriguez, Walter"]
[Result "0-1"]
[WhiteElo "2052"]
[BlackElo "2486"]
[PlyCount "58"]
[EventDate "2022.04.06"]
[EventType "swiss (rapid)"]
[EventRounds "9"]
[EventCountry "UAE"]
[SourceTitle "CBM 207 Extra"]
[Source "ChessBase"]
[SourceDate "2022.05.31"]
[SourceVersion "1"]
[SourceVersionDate "2022.05.31"]
[SourceQuality "1"]

1. c4 e6 2. Nc3 d5 3. d4 Nf6 4. cxd5 exd5 5. Bg5 c6 6. e3 Nbd7 7. Bd3 Be7 8. Qc2 Nh5 9. Bxe7 Qxe7 10. 0-0-0 Nb6 11. h3 g6 12. g4 Ng7 13. Kb1 h5 14. Nf3 Be6 15. Na4 0-0-0 16. Nxb6+ axb6 17. g5 Kb8 18. Rc1 Rc8 19. Qb3 b5 20. h4 Nf5 21. Ne5 Nd6 22. Qb4 Rhe8 23. b3 Ne4 24. Qxe7 Rxe7 25. Rc2 Bf5 26. Rh2 c5 27. f3 Ng3 28. Kb2 Rxe5 29. Bxf5 Rxf5 0-1

[Event "Sharjah Rapid op 27th"]
[Site "Sharjah"]
[Date "2022.04.06"]
[Round "5"]
[White "Al Qudaimi, Basheer"]
[Black "Arencibia Rodriguez, Walter"]
[Result "0-1"]
[WhiteElo "2424"]
[BlackElo "2486"]
[PlyCount "56"]
[EventDate "2022.04.06"]
[EventType "swiss (rapid)"]
[EventRounds "9"]
[EventCountry "UAE"]
[SourceTitle "CBM 207 Extra"]
[Source "ChessBase"]
[SourceDate "2022.05.31"]
[SourceVersion "1"]
[SourceVersionDate "2022.05.31"]
[SourceQuality "1"]

1. e4 e5 2. Nf3 Nc6 3. Bc4 Nf6 4. d3 Be7 5. h3 d6 6. c3 0-0 7. Bb3 Be6 8. c4 Nd7 9. Nc3 Nd4 10. Nxd4 exd4 11. Ne2 c5 12. g4 Bh4 13. Bf4 Ne5 14. Kf1 Qf6 15. Kg2 g5 16. Bg3 Qf3+ 17. Kg1 Nxd3 18. Nxd4 Qxe4 19. Bxh4 gxh4 20. Nb5 Qxh1+ 21. Kxh1 Nxf2+ 22. Kg2 Nxd1 23. Rxd1 Rfd8 24. Kf3 a6 25. Nxd6 b5 26. Kf4 bxc4 27. Ba4 Rab8 28. Rd2 Rb4 0-1

[Event "Sharjah Rapid op 27th"]
[Site "Sharjah"]
[Date "2022.04.06"]
[Round "4"]
[White "Arencibia Rodriguez, Walter"]
[Black "Zubarev, Alexander2222"]
[Result "1-0"]
[WhiteElo "2486"]
[BlackElo "2372"]
[PlyCount "149"]
[EventDate "2022.04.06"]
[EventType "swiss (rapid)"]
[EventRounds "9"]
[EventCountry "UAE"]
[SourceTitle "CBM 207 Extra"]
[Source "ChessBase"]
[SourceDate "2022.05.31"]
[SourceVersion "1"]
[SourceVersionDate "2022.05.31"]
[SourceQuality "1"]

1. e4 c5 2. Nf3 d6 3. d4 cxd4 4. Nxd4 Nf6 5. Nc3 Nc6 6. Bg5 e6 7. Qd2 a6 8. 0-0-0 Bd7 9. f3 h6 10. Be3 h5 11. Kb1 Be7 12. Bd3 Ne5 13. Rhe1 b5 14. f4 Nxd3 15. cxd3 b4 16. Nce2 Qb8 17. Rc1 Qb7 18. h3 a5 19. Nf3 a4 20. Bd4 Bb5 21. Ka1 Ba6 22. e5 dxe5 23. Bxe5 Rc8 24. Rxc8+ Qxc8 25. Rc1 Qd8 26. Ned4 Qd5 27. f5 0-0 28. fxe6 fxe6 29. Rc7 Bd6 30. Bxd6 Qxd6 31. Rc6 Qd5 32. Rxa6 a3 33. bxa3 e5 34. Nb3 bxa3 35. Rxa3 Rd8 36. Ra5 Qb7 37. Rxe5 Nd5 38. Qa5 Qd7 39. Nc5 Qc8 40. d4 Nf4 41. Qd2 Nd5 42. Rxh5 Nf6 43. Re5 Qb8 44. Qb2 Qa7 45. Qb3+ Kh8 46. Qa4 Qb6 47. Qb3 Qa7 48. Ne6 Rc8 49. Rc5 Rb8 50. Rb5 Rc8 51. Rb7 Qa6 52. Nc5 Qf1+ 53. Qb1 Qxg2 54. Rb8 Rxb8 55. Qxb8+ Kh7 56. Qb1+ Kh8 57. Ne5 Qd2 58. Nb3 Qc3+ 59. Qb2 Qxh3 60. a4 Nd5 61. Nc5 Nc3 62. Qb8+ Kh7 63. Kb2 Nd1+ 64. Ka2 Nc3+ 65. Kb2 Nd1+ 66. Kc1 Nc3 67. Kc2 Nd5 68. Qb1 Qc3+ 69. Kd1+ Kg8 70. Qb3 Qxd4+ 71. Ned3 Kh7 72. a5 Qg1+ 73. Kc2 Ne3+ 74. Kb2 Qg2+ 75. Kb1 1-0

[Event "Ramadan Masters Online"]
[Site "Chess.com INT"]
[Date "2020.05.08"]
[Round "9"]
[White "Al Zaabi, Sultan"]
[Black "Arencibia Rodriguez, Walter"]
[Result "0-1"]
[WhiteElo "2044"]
[BlackElo "2486"]
[PlyCount "147"]
[EventDate "2020.05.08"]
[EventType "swiss (blitz)"]
[EventRounds "12"]
[EventCountry "USA"]
[SourceTitle "CBM 196 Extra"]
[Source "ChessBase"]
[SourceDate "2020.07.31"]
[SourceVersion "1"]
[SourceVersionDate "2020.07.31"]
[SourceQuality "1"]

1. d4 Nf6 2. Nf3 e6 3. g3 b5 4. Bg2 Bb7 5. 0-0 c5 6. a4 b4 7. c4 Na6 8. e3 Be7 9. b3 0-0 10. Bb2 d6 11. Qe2 Qc7 12. Re1 Rad8 13. Nbd2 Nb8 14. e4 cxd4 15. Nxd4 Nbd7 16. f4 Nc5 17. e5 dxe5 18. Qxe5 Qxe5 19. fxe5 Ng4 20. Bxb7 Nxb7 21. h3 Nh6 22. g4 Nc5 23. Ne4 Nxe4 24. Rxe4 Bc5 25. Kf2 Rd7 26. Ke3 Rfd8 27. Rd1 Kf8 28. Rf4 Ng8 29. Ke4 Ke8 30. Ke3 Ne7 31. Ke4 Nc6 32. Nxc6 Rxd1 33. Nxd8 Rxd8 34. h4 Rd2 35. Ba1 Re2+ 36. Kd3 Re3+ 37. Kc2 Re2+ 38. Kd3 Re1 39. Bd4 Rd1+ 40. Ke3 Bb6 41. Bxb6 axb6 42. Rd4 Rb1 43. Rd6 Rxb3+ 44. Kd4 Ra3 45. Rxb6 Rxa4 46. c5 Kd7 47. Kc4 b3+ 48. Kxb3 Rxg4 49. h5 Kc7 50. Ra6 Rg5 51. Kc4 Rg1 52. h6 gxh6 53. Ra7+ Kc6 54. Rxf7 Rg4+ 55. Kc3 Kxc5 56. Rxh7 Rh4 57. Re7 Kd5 58. Rg7 Kxe5 59. Rg1 Rh2 60. Kd3 h5 61. Ke3 h4 62. Rg4 Kf5 63. Rg1 e5 64. Kf3 e4+ 65. Ke3 Rh3+ 66. Kf2 Ra3 67. Rh1 Kg4 68. Rg1+ Rg3 69. Rh1 e3+ 70. Ke2 h3 71. Rc1 h2 72. Rh1 Kh3 73. Rf1 Kg2 74. Rf3 0-1

[Event "Ramadan Masters Online"]
[Site "Chess.com INT"]
[Date "2020.05.08"]
[Round "10"]
[White "Arencibia Rodriguez, Walter"]
[Black "Adly, Ahmed"]
[Result "1-0"]
[WhiteElo "2486"]
[BlackElo "2615"]
[PlyCount "73"]
[EventDate "2020.05.08"]
[EventType "swiss (blitz)"]
[EventRounds "12"]
[EventCountry "USA"]
[SourceTitle "CBM 196 Extra"]
[Source "ChessBase"]
[SourceDate "2020.07.31"]
[SourceVersion "1"]
[SourceVersionDate "2020.07.31"]
[SourceQuality "1"]

1. Nf3 d5 2. d4 Nf6 3. c4 c6 4. e3 g6 5. Nc3 Bg7 6. cxd5 Nxd5 7. Bc4 0-0 8. 0-0 Nb6 9. Bb3 Bg4 10. h3 Bxf3 11. Qxf3 e5 12. Rd1 exd4 13. exd4 N8d7 14. d5 Ne5 15. Qg3 cxd5 16. Bf4 Nec4 17. Nxd5 Nxb2 18. Bc7 Qe8 19. Re1 Qb5 20. Bxb6 axb6 21. Nc7 Qd3 22. Nxa8 Qxg3 23. fxg3 Rxa8 24. Re7 Nd3 25. Rf1 Ne5 26. Bxf7+ Nxf7 27. Rfxf7 Bf8 28. Rxb7 Rxa2 29. Rxh7 g5 30. Rhd7 Ra8 31. Kh2 Bc5 32. Rg7+ Kf8 33. Rxg5 Ra1 34. h4 Bg1+ 35. Kh3 Bc5 36. Rf5+ Ke8 37. Rh5 1-0

[Event "Dubai HOC blitz op"]
[Site "Dubai"]
[Date "2019.08.11"]
[Round "7"]
[White "Arencibia Rodriguez, Walter"]
[Black "Dimarucut, Francis Erwin"]
[Result "1-0"]
[WhiteElo "2395"]
[BlackElo "1979"]
[PlyCount "103"]
[EventDate "2019.08.11"]
[EventType "swiss (blitz)"]
[EventRounds "9"]
[EventCountry "UAE"]
[SourceTitle "EXT 2020"]
[Source "ChessBase"]
[SourceDate "2019.10.17"]
[SourceVersion "1"]
[SourceVersionDate "2019.10.17"]
[SourceQuality "1"]

1. Nf3 Nf6 2. g3 g6 3. b3 Bg7 4. Bb2 0-0 5. Bg2 d5 6. c4 c6 7. 0-0 Nbd7 8. d4 e6 9. Nbd2 Re8 10. Qc2 b6 11. e4 dxe4 12. Nxe4 Nxe4 13. Qxe4 Nf6 14. Qe2 Bb7 15. Rad1 Qe7 16. Rfe1 Qc7 17. Qe5 Rac8 18. Qxc7 Rxc7 19. Ne5 Rd8 20. f4 c5 21. Bxb7 Rxb7 22. dxc5 Rxd1 23. Rxd1 bxc5 24. Rd8+ Bf8 25. Nxg6 fxg6 26. Bxf6 Kf7 27. Be5 Ke7 28. Rd3 Kf7 29. Kf2 Ke8 30. Kf3 Rb6 31. Ke4 Ra6 32. Rd2 Be7 33. g4 Rb6 34. g5 Ra6 35. h4 Rb6 36. h5 Ra6 37. hxg6 hxg6 38. Rh2 Bf8 39. Rh8 Kf7 40. a4 Rb6 41. Rh7+ Ke8 42. Rxa7 Rxb3 43. a5 Be7 44. a6 Ra3 45. Bb2 Ra2 46. Bf6 Bd6 47. Be5 Be7 48. Kd3 Ra3+ 49. Kc2 Bd8 50. Bc3 Bb6 51. Ra8+ Kd7 52. Kb2 1-0

[Event "Dubai HOC blitz op"]
[Site "Dubai"]
[Date "2019.08.11"]
[Round "5"]
[White "Arencibia Rodriguez, Walter"]
[Black "Soham, Datar"]
[Result "1/2-1/2"]
[WhiteElo "2395"]
[BlackElo "1966"]
[PlyCount "118"]
[EventDate "2019.08.11"]
[EventType "swiss (blitz)"]
[EventRounds "9"]
[EventCountry "UAE"]
[SourceTitle "EXT 2020"]
[Source "ChessBase"]
[SourceDate "2019.10.17"]
[SourceVersion "1"]
[SourceVersionDate "2019.10.17"]
[SourceQuality "1"]

1. Nf3 d5 2. g3 Nf6 3. Bg2 g6 4. b3 Bg7 5. Bb2 a5 6. 0-0 a4 7. c4 axb3 8. axb3 Rxa1 9. Bxa1 0-0 10. cxd5 Nxd5 11. Bxg7 Kxg7 12. e4 Nb4 13. d4 Bg4 14. Nbd2 c5 15. d5 e6 16. Qa1+ Kg8 17. Ne5 Be2 18. Rc1 f6 19. Nef3 exd5 20. Rxc5 dxe4 21. Nxe4 Qd1+ 22. Qxd1 Bxd1 23. Nd4 N8c6 24. Nxc6 Nxc6 25. Rb5 f5 26. Nc5 Re8 27. Bd5+ Kh8 28. Rxb7 Nd4 29. b4 Nf3+ 30. Kg2 Ne1+ 31. Kf1 Be2+ 32. Kxe1 Bf3+ 33. Kd2 Bxd5 34. Rd7 Bf3 35. Kc3 Re2 36. Rd2 Re5 37. Rd3 Bg2 38. Re3 Rd5 39. Kc4 Rd2 40. b5 Bf1+ 41. Kb4 Rb2+ 42. Rb3 Rxf2 43. b6 Bg2 44. h4 f4 45. Kc4 h6 46. b7 Bxb7 47. Nxb7 fxg3 48. Rxg3 Rf4+ 49. Kd5 Rxh4 50. Nd6 Kh7 51. Ke6 Rh1 52. Rf3 Re1+ 53. Kf7 h5 54. Ne8 Kh6 55. Rf6 Rg1 56. Nd6 h4 57. Nf5+ Kh5 58. Ng7+ Kh6 59. Nf5+ Kh5 1/2-1/2

[Event "Sharjah Ramadan op rapid"]
[Site "Sharjah"]
[Date "2019.05.13"]
[Round "1"]
[White "Arencibia Rodriguez, Walter"]
[Black "Alzaid, Zaid1111"]
[Result "1-0"]
[WhiteElo "2486"]
[BlackElo "1285"]
[PlyCount "61"]
[EventDate "2019.05.13"]
[EventType "swiss (rapid)"]
[EventRounds "9"]
[EventCountry "UAE"]
[SourceTitle "CBM 190 Extra"]
[Source "ChessBase"]
[SourceDate "2019.07.15"]
[SourceVersion "1"]
[SourceVersionDate "2019.07.15"]
[SourceQuality "1"]

1. e4 d6 2. d4 Nf6 3. Nc3 Nbd7 4. Nf3 e5 5. Bc4 exd4 6. Qxd4 c6 7. a4 h6 8. 0-0 Be7 9. Bf4 Nb6 10. Bb3 0-0 11. h3 a5 12. Rad1 c5 13. Qd3 c4 14. Bxc4 Nxc4 15. Qxc4 Be6 16. Qd3 Ne8 17. Nb5 d5 18. exd5 Bd7 19. d6 Bf6 20. b3 Bxb5 21. Qxb5 b6 22. Rfe1 Bc3 23. Re3 Bb4 24. d7 Nf6 25. Ne5 Ra7 26. Red3 Rc7 27. Nc6 Rxc6 28. Qxc6 Bc5 29. Bc7 Qa8 30. Qxa8 Rxa8 31. d8Q+ 1-0

[Event "Sharjah Masters 3rd"]
[Site "Sharjah"]
[Date "2019.03.30"]
[Round "9"]
[White "Arencibia Rodriguez, Walter"]
[Black "Sidhant, Mohapatra"]
[Result "1/2-1/2"]
[WhiteElo "2506"]
[BlackElo "2348"]
[PlyCount "50"]
[EventDate "2019.03.22"]
[EventType "swiss"]
[EventRounds "9"]
[EventCountry "UAE"]
[SourceTitle "CBM 189 Extra"]
[Source "ChessBase"]
[SourceDate "2019.06.03"]
[SourceVersion "1"]
[SourceVersionDate "2019.06.03"]
[SourceQuality "1"]

1. d4 d5 2. c4 c6 3. Nc3 Nf6 4. e3 e6 5. Nf3 Nbd7 6. Bd3 dxc4 7. Bxc4 b5 8. Bd3 Bd6 9. 0-0 0-0 10. Qc2 Bb7 11. Ng5 h6 12. Nge4 Be7 13. Nxf6+ Nxf6 14. Ne4 Nd7 15. Rd1 Qb6 16. a4 a6 17. Qb3 c5 18. dxc5 Nxc5 19. Nxc5 Bxc5 20. axb5 Bd5 21. Qc2 axb5 22. Rxa8 Rxa8 23. Bd2 Be7 24. e4 Bc4 25. Bxc4 bxc4 1/2-1/2

[Event "Sharjah Masters 3rd"]
[Site "Sharjah"]
[Date "2019.03.27"]
[Round "6"]
[White "Blagojevic, Tijana"]
[Black "Arencibia Rodriguez, Walter"]
[Result "0-1"]
[WhiteElo "2206"]
[BlackElo "2506"]
[PlyCount "90"]
[EventDate "2019.03.22"]
[EventType "swiss"]
[EventRounds "9"]
[EventCountry "UAE"]
[SourceTitle "CBM 189 Extra"]
[Source "ChessBase"]
[SourceDate "2019.06.03"]
[SourceVersion "1"]
[SourceVersionDate "2019.06.03"]
[SourceQuality "1"]

1. e4 c5 2. Nf3 g6 3. d4 cxd4 4. Qxd4 Nf6 5. Nc3 Nc6 6. Qa4 d6 7. e5 dxe5 8. Nxe5 Qd4 9. Nxc6 Qxa4 10. Nxa4 bxc6 11. Bd2 Ne4 12. Be3 Bg7 13. Be2 Rb8 14. 0-0-0 0-0 15. b3 a5 16. Bf3 Rb4 17. c4 Rxa4 18. bxa4 Nc3 19. Rd2 Be6 20. Bd4 Bxd4 21. Rxd4 Rb8 22. Kd2 c5 23. Rd3 Nxa2 24. Bd5 Bf5 25. Ra3 Rb2+ 26. Ke3 Nb4 27. Be4 Bxe4 28. Kxe4 Rxf2 29. Rd1 f5+ 30. Ke5 Kf7 31. Rd7 Rxg2 32. Rc7 Rg4 33. Re3 Rxc4 34. Rc8 Nc2 35. Rh3 h5 36. Kd5 Rxa4 37. Rxc5 Nb4+ 38. Ke5 Na6 39. Rc8 Re4+ 40. Kd5 Nb4+ 41. Kc5 Re2 42. Kb5 Nd5 43. Kxa5 e6 44. Rc4 Kf6 45. Kb5 Ne3 0-1